| 000 | 00936 a2200265 4500 | ||
|---|---|---|---|
| 005 | 20251119144743.0 | ||
| 008 | 251119b |||||||| |||| 00| 0 eng d | ||
| 020 | _a9781804290118 (pbk) | ||
| 037 | _cTB | ||
| 040 |
_aCRL _cCRL |
||
| 041 |
_2eng _aeng |
||
| 084 |
_aX:3M24xM18 R4 _qCRL |
||
| 100 |
_aRose, Gillian _9822092 |
||
| 245 |
_aMarxist modernism: _bintroductory lectures on Frankfurt school critical theory |
||
| 260 |
_aLondon, UK; _aNew York, USA: _bVerso, _c2024. |
||
| 300 | _axix, 152p. | ||
| 365 |
_b16.99 _cUKP |
||
| 650 |
_aEconomics _9852344 |
||
| 650 |
_aMarx, Karl _9852345 |
||
| 650 |
_aSociology _9852346 |
||
| 700 |
_aScott, Robert Lucas _eeditor. _9852347 |
||
| 700 |
_aFinlayson, James Gordon _eeditor. _9852348 |
||
| 942 |
_cTB _2CC _n0 _hX:3M24xM18 R4 |
||
| 999 |
_c1435869 _d1435869 |
||